Памятная книжка... ... за 1912 год: ... за 1913 год (Запись № 11501769)

Подробности
000 -МАРКЕР
контрольное поле 01463nam2a2200241 4500
001 - ИДЕНТИФИКАТОР ЗАПИСИ
контрольное поле RU\NLR\BIBL_A\012021038
005 - ИДЕНТИФИКАТОР ВЕРСИИ
контрольное поле 20250626171652.0
035 ## - ДРУГИЕ СИСТЕМНЫЕ НОМЕРА
Идентификатор записи (NLR Aleph) 012021038
100 ## - ДАННЫЕ ОБЩЕЙ ОБРАБОТКИ
Данные общей обработки 20190524d1913 |||y0rusy50 ca
101 0# - ЯЗЫК РЕСУРСА
Язык текста, звукозаписи и т.д. русский
102 ## - СТРАНА ПУБЛИКАЦИИ ИЛИ ПРОИЗВОДСТВА
Страна публикации Российская Федерация
105 ## - ПОЛЕ КОДИРОВАННЫХ ДАННЫХ: ТЕКСТОВЫЕ МАТЕРИАЛЫ, МОНОГРАФИЧЕСКИЕ
Кодированные данные о монографическом текстовом документе y|||g|||000zy
200 0# - ЗАГЛАВИЕ И СВЕДЕНИЯ ОБ ОТВЕТСТВЕННОСТИ
Основное заглавие ... за 1913 год
Обозначение и номер части год III
Наименование части Жизнь Общества в 1912 году. Экономический отчет. Списки членов Общества. Из жизни С.-Петербургской духовной академии. Устав Общества. Правила похоронной кассы. Список юбилейного XXV курса. По поводу 45-летия XXVII курса. Списки юбилейного XLV и выпускного LXIX курса
210 ## - ПУБЛИКАЦИЯ, РАСПРОСТРАНЕНИЕ И ДР.
Дата издания, распространения и т.д. 1913
Место издания, распространения и т.д. Б. м.
215 ## - ФИЗИЧЕСКАЯ ХАРАКТЕРИСТИКА
Специфическое обозначение материала и объем 105 с.
225 1# - СЕРИЯ
Основное заглавие серии ...
Обозначение тома вып. 3
461 #0 - УРОВЕНЬ НАБОРА
Встроенное поле 001RU\NLR\BIBL_A\012021004
-- 2001#$aПамятная книжка...$v... за 1912 год
Системный номер (АБИС) связанной записи 11501589
Автор Петербургская духовная академия. Общество духовной и материальной взаимопомощи бывших питомцев
Место публикации С.-Петербург
Дата публикации 1911
Имя издателя, распространителя и т.д. Типография М. Меркушева
Заглавие Памятная книжка...
Номер тома ... за 1912 год
852 ## - МЕСТОНАХОЖДЕНИЕ И ШИФР ХРАНЕНИЯ
Идентификатор организации NLR
Шифр хранения (Call Number) 18.267.8.35(3)
942 ## - ДОПОЛНИТЕЛЬНЫЕ ЭЛЕМЕНТЫ ЗАПИСИ (АБИС)
Тип экземпляра АБИС Книга
980 ## - КОЛЛЕКЦИЯ
Название коллекции Национальная библиография

Нет доступных экземпляров.